TV Show Keychains Quiz Stats

 Plays Quiz Updated Aug 5, 2017

Support Sporcle.
Go Orange.
Score 0/25 Timer 06:00
2 Plays Today
% Correct
The Simpsons
98.3%
Sesame Street
92.1%
Breaking Bad
91.1%
South Park
89.7%
Family Guy
83.9%
Beavis and Butt-Head
79.3%
The Office
77.6%
Game of Thrones
76%
The Walking Dead
74.4%
King of the Hill
74%
Knight Rider
72.9%
Seinfeld
68.6%
Daria
58.9%
% Correct
Parks and Recreation
56%
How I Met Your Mother
40.1%
Blackadder
36.1%
Top Gear
35.3%
Monty Python's Flying Circus
33.6%
Deadliest Catch
32.5%
That '70s Show
31.6%
ThunderCats
27.3%
Twin Peaks
23.7%
Firefly
21.1%
Married... with Children
17%
The Addams Family
14.3%

You're not logged in!

Compare scores with friends on all Sporcle quizzes.
OR
Log In
Forgot?

From the Vault

NFL Last 200-Yard Rusher (by Team)

by Ben

Running 200 yards while 11 defenders are running after you is scary....trust us, we just went and tried it.
Remove Ads.
Support Sporcle.
Get the best of Sporcle when you Go Orange. This ad-free experience offers more features, more stats, and more fun while also helping to support Sporcle. Thank you for becoming a member.

Show Comments

Extras

Top Quizzes Today


Score Distribution

Your Account Isn't Verified!

In order to create a playlist on Sporcle, you need to verify the email address you used during registration. Go to your Sporcle Settings to finish the process.

Report this User

Report this user for behavior that violates our Community Guidelines.

Details: